[Event "EU-ch Amateur U2300"]
[Site "Zagreb"]
[Date "2022.08.16"]
[Round "4"]
[White "Peric, Bernard"]
[Black "Korov, Zvonko"]
[Result "1-0"]
[WhiteElo "2112"]
[BlackElo "2015"]
[PlyCount "77"]
[EventDate "2022.08.14"]
[EventType "swiss"]
[EventRounds "9"]
[EventCountry "CRO"]
[SourceTitle "CBM 210 Extra"]
[Source "ChessBase"]
[SourceDate "2022.11.30"]
[SourceVersion "1"]
[SourceVersionDate "2022.11.30"]
[SourceQuality "1"]

1. e4 c5 2. c3 d6 3. d4 Nf6 4. dxc5 dxc5 5. Qc2 Nc6 6. Nf3 Qc7 7. Be3 e6 8. h3 Be7 9. Nbd2 Bd7 10. Be2 h6 11. Rd1 Rd8 12. 0-0 0-0 13. a3 Bc8 14. b4 b6 15. b5 Ne5 16. Nxe5 Qxe5 17. f4 Qc7 18. c4 Bb7 19. e5 Ne8 20. Bf3 Bxf3 21. Nxf3 Qb7 22. f5 exf5 23. Rxd8 Bxd8 24. Qxf5 g6 25. Qd3 Qe7 26. Bxh6 Ng7 27. Rd1 Qe6 28. Qd5 Re8 29. Bxg7 Kxg7 30. Qxe6 fxe6 31. Rd7+ Kf8 32. Rxa7 Be7 33. Kf2 Rd8 34. Ke2 Ke8 35. a4 Rd7 36. Rxd7 Kxd7 37. h4 Bd8 38. Ke3 Ke8 39. Kf4 1-0

[Event "Feffernitz op 31st"]
[Site "Feffernitz"]
[Date "2022.08.09"]
[Round "5"]
[White "Peric, Bernard"]
[Black "Ebner, Johann"]
[Result "1/2-1/2"]
[WhiteElo "2112"]
[BlackElo "1945"]
[PlyCount "33"]
[EventDate "2022.08.06"]
[EventType "swiss"]
[EventRounds "9"]
[EventCountry "AUT"]
[SourceTitle "CBM 209 Extra"]
[Source "ChessBase"]
[SourceDate "2022.09.30"]
[SourceVersion "1"]
[SourceVersionDate "2022.09.30"]
[SourceQuality "1"]

1. d4 Nf6 2. Nf3 g6 3. g3 b6 4. Bg2 Bb7 5. 0-0 Bg7 6. c4 0-0 7. b3 c5 8. Bb2 Na6 9. e3 Nc7 10. Re1 d6 11. Nc3 Ne4 12. Qc2 Nxc3 13. Bxc3 Qc8 14. dxc5 Bxc3 15. Qxc3 bxc5 16. e4 f6 17. h4 1/2-1/2

[Event "Otocec Krka Terme op"]
[Site "Otocec"]
[Date "2021.07.03"]
[Round "1"]
[White "Tratar, Marko"]
[Black "Peric, Bernard"]
[Result "1-0"]
[WhiteElo "2419"]
[BlackElo "2096"]
[PlyCount "119"]
[EventDate "2021.07.03"]
[EventType "swiss"]
[EventRounds "9"]
[EventCountry "SLO"]
[SourceTitle "CBM 203 Extra"]
[Source "ChessBase"]
[SourceDate "2021.09.30"]
[SourceVersion "1"]
[SourceVersionDate "2021.09.30"]
[SourceQuality "1"]

1. c4 c5 2. Nf3 Nf6 3. Nc3 Nc6 4. g3 g6 5. Bg2 Bg7 6. 0-0 0-0 7. d4 cxd4 8. Nxd4 a6 9. c5 Qc7 10. Nb3 d6 11. Bf4 Ne5 12. cxd6 exd6 13. Rc1 Qe7 14. Bg5 Be6 15. Nd5 Bxd5 16. Bxd5 h6 17. Bxf6 Bxf6 18. Na5 Rab8 19. Qd2 b6 20. Nc6 Nxc6 21. Rxc6 Kg7 22. Rfc1 a5 23. Rc7 Qe5 24. b3 Rbe8 25. e3 Re7 26. R1c6 Rb8 27. Kg2 g5 28. Rxe7 Bxe7 29. Rc7 Rf8 30. Rb7 Bd8 31. h3 Kg8 32. Qd3 Kg7 33. a4 Qf6 34. Qe4 Qe5 35. Qxe5+ dxe5 36. g4 Kg6 37. e4 Kg7 38. Kf3 Kf6 39. Ke2 Be7 40. Rxb6+ Kg7 41. Ra6 Bb4 42. Ra7 Rc8 43. Bc4 Rd8 44. Rxf7+ Kg6 45. Rb7 Rd2+ 46. Ke3 Rd1 47. Be6 Kf6 48. Bf5 Rb1 49. Rb6+ Kg7 50. Rg6+ Kf7 51. Rxh6 Rxb3+ 52. Ke2 Rb2+ 53. Kd3 Rxf2 54. h4 Be7 55. Rh7+ Kf8 56. h5 Ra2 57. h6 Rxa4 58. Bg6 Bd6 59. Rh8+ Ke7 60. h7 1-0

[Event "Podturen Mavrin Memorial 8th"]
[Site "Podturen"]
[Date "2020.01.04"]
[Round "3"]
[White "Peric, Bernard"]
[Black "Klement, Dubravko"]
[Result "1-0"]
[WhiteElo "2105"]
[BlackElo "1867"]
[PlyCount "69"]
[EventDate "2020.01.03"]
[EventType "swiss"]
[EventRounds "7"]
[EventCountry "CRO"]
[SourceTitle "CBM 194 Extra"]
[Source "ChessBase"]
[SourceDate "2020.03.31"]
[SourceVersion "1"]
[SourceVersionDate "2020.03.31"]
[SourceQuality "1"]

1. d4 Nf6 2. Nf3 c5 3. d5 d6 4. c4 g6 5. Nc3 Bg7 6. e4 0-0 7. h3 e6 8. dxe6 fxe6 9. Be3 a6 10. e5 dxe5 11. Bxc5 Qxd1+ 12. Rxd1 Re8 13. Nxe5 Nfd7 14. Nxd7 Bxd7 15. Bd4 Bc6 16. Bxg7 Kxg7 17. f3 Nd7 18. Kf2 Nf6 19. Bd3 Rad8 20. Ke3 e5 21. Be4 Bxe4 22. Nxe4 Rxd1 23. Rxd1 Re7 24. Nxf6 Kxf6 25. Rd6+ Kf7 26. Ke4 Rc7 27. b3 b5 28. Kd5 bxc4 29. bxc4 a5 30. c5 Ke7 31. Re6+ Kf7 32. c6 a4 33. Rxe5 Kf6 34. Re6+ Kf7 35. Re4 1-0

[Event "Malinska Krk op"]
[Site "Malinska"]
[Date "2019.11.01"]
[Round "2"]
[White "Peric, Bernard"]
[Black "Gregoric, Andraz"]
[Result "1-0"]
[WhiteElo "2104"]
[BlackElo "1874"]
[PlyCount "69"]
[EventDate "2019.10.30"]
[EventType "swiss"]
[EventRounds "5"]
[EventCountry "CRO"]
[SourceTitle "CBM 192 Extra"]
[Source "Chessbase"]
[SourceDate "2019.11.06"]
[SourceVersion "1"]
[SourceVersionDate "2019.11.06"]
[SourceQuality "1"]

1. d4 Nf6 2. e3 e6 3. Nd2 b6 4. Ngf3 Bb7 5. Bd3 d5 6. Ne5 Bd6 7. f4 Ne4 8. Qf3 Nxd2 9. Bxd2 Nd7 10. Bb5 Bxe5 11. fxe5 c6 12. Bd3 Qh4+ 13. g3 Qe7 14. Rf1 a5 15. e4 c5 16. dxc5 bxc5 17. Bb5 h6 18. Qg4 g6 19. exd5 Bxd5 20. 0-0-0 c4 21. Bc3 Rc8 22. Rxd5 exd5 23. Bxd7+ Qxd7 24. e6 Qxe6 25. Re1 Qxe1+ 26. Bxe1 0-0 27. Qd4 Rcd8 28. Bxa5 Rd7 29. Bc3 f6 30. Qg4 Rg7 31. Qe6+ Kh7 32. a4 Ra7 33. Qxd5 Kg7 34. a5 Rc7 35. Qd6 1-0

[Event "Solta Amateur op"]
[Site "Grohote"]
[Date "2019.06.22"]
[Round "8"]
[White "Peric, Bernard"]
[Black "Herega, Nejc"]
[Result "1-0"]
[WhiteElo "2107"]
[BlackElo "1907"]
[PlyCount "59"]
[EventDate "2019.06.15"]
[EventType "swiss"]
[EventRounds "9"]
[EventCountry "CRO"]
[SourceTitle "EXT 2020"]
[Source "ChessBase"]
[SourceDate "2019.10.17"]
[SourceVersion "1"]
[SourceVersionDate "2019.10.17"]
[SourceQuality "1"]

1. e4 e5 2. Nf3 Nf6 3. Nxe5 d6 4. Nf3 Nxe4 5. Nc3 Nxc3 6. dxc3 Be7 7. Be3 Nd7 8. Bc4 Nf6 9. Qd2 0-0 10. 0-0-0 c5 11. Qe2 Qc7 12. Bf4 Nh5 13. Rhe1 Nxf4 14. Qxe7 Qxe7 15. Rxe7 Be6 16. Bxe6 fxe6 17. Rxd6 Rfd8 18. Rxd8+ Rxd8 19. b3 Nxg2 20. Ng5 Nf4 21. Rxb7 a5 22. Ra7 c4 23. Rxa5 cxb3 24. axb3 h6 25. Ne4 h5 26. c4 h4 27. Ng5 h3 28. Ra7 Ne2+ 29. Kb2 Ng1 30. Nxe6 1-0

[Event "Bled Planinc Memorial 1st"]
[Site "Bled"]
[Date "2018.11.24"]
[Round "6"]
[White "Mazi, Leon"]
[Black "Peric, Bernard"]
[Result "1-0"]
[WhiteElo "2311"]
[BlackElo "2093"]
[PlyCount "69"]
[EventDate "2018.11.24"]
[EventType "swiss (blitz)"]
[EventRounds "9"]
[EventCountry "SLO"]
[SourceTitle "CBM 187 Extra"]
[Source "ChessBase"]
[SourceDate "2018.11.04"]
[SourceVersion "1"]
[SourceVersionDate "2018.11.04"]
[SourceQuality "1"]

1. e4 e5 2. Nf3 Nf6 3. Nc3 Bb4 4. Nxe5 Qe7 5. Nd3 Nxe4 6. Be2 Nxc3 7. dxc3 Bd6 8. 0-0 0-0 9. Bf4 Bxf4 10. Nxf4 c6 11. Re1 Qf6 12. Nh5 Qh6 13. Bf3 d5 14. Qd4 Be6 15. Re3 Nd7 16. Rae1 Nf6 17. Nxf6+ Qxf6 18. Qxf6 gxf6 19. Be2 Rfe8 20. Bg4 Kf8 21. Bxe6 fxe6 22. Rxe6 Rxe6 23. Rxe6 Kf7 24. Re3 Rd8 25. Kf1 b5 26. Ke2 d4 27. cxd4 Rxd4 28. Rd3 Re4+ 29. Kf3 Re7 30. Rd6 Rc7 31. Kf4 Ke7 32. Rd2 Rc8 33. Kf5 Rg8 34. f4 a5 35. g3 1-0